<?xml version="1.0" encoding="UTF-8"?>
<record
    xmlns:xsi="http://www.w3.org/2001/XMLSchema-instance"
    xsi:schemaLocation="http://www.loc.gov/MARC21/slim http://www.loc.gov/standards/marcxml/schema/MARC21slim.xsd"
    xmlns="http://www.loc.gov/MARC21/slim">

  <leader>01181nam a22002537a 4500</leader>
  <controlfield tag="005">20170123164202.0</controlfield>
  <datafield tag="010" ind1=" " ind2=" ">
    <subfield code="a">A-773062</subfield>
  </datafield>
  <datafield tag="020" ind1=" " ind2=" ">
    <subfield code="c">48.00</subfield>
  </datafield>
  <datafield tag="035" ind1=" " ind2=" ">
    <subfield code="a">A-773062</subfield>
  </datafield>
  <datafield tag="037" ind1=" " ind2=" ">
    <subfield code="b">Cen Lib/Ret</subfield>
  </datafield>
  <datafield tag="040" ind1=" " ind2=" ">
    <subfield code="a">DPL</subfield>
    <subfield code="b">PN</subfield>
  </datafield>
  <datafield tag="082" ind1=" " ind2=" ">
    <subfield code="a">954.0841</subfield>
    <subfield code="2">&#xA15;&#xA41;&#xA32;&#xA2C;&#xA40;</subfield>
  </datafield>
  <datafield tag="100" ind1=" " ind2=" ">
    <subfield code="a">&#xA15;&#xA41;&#xA32;&#xA2C;&#xA40;&#xA30; &#xA38;&#xA3F;&#xA70;&#xA18; &#xA15;&#xA3E;&#xA02;&#xA17; </subfield>
    <subfield code="9">133617</subfield>
  </datafield>
  <datafield tag="245" ind1=" " ind2=" ">
    <subfield code="a">&#xA26;&#xA3F;&#xA70;&#xA26;&#xA3E; &#xA38;&#xA3C;&#xA39;&#xA40;&#xA26; &#xA2D;&#xA3E;&#xA08; &#xA24;&#xA16;&#xA3C;&#xA24; &#xA38;&#xA3F;&#xA70;&#xA18;  /</subfield>
    <subfield code="c">&#xA15;&#xA41;&#xA32;&#xA2C;&#xA40;&#xA30; &#xA38;&#xA3F;&#xA70;&#xA18; &#xA15;&#xA3E;&#xA02;&#xA17; </subfield>
  </datafield>
  <datafield tag="246" ind1=" " ind2=" ">
    <subfield code="a">Zinda Shaheed Bhai Takhat Singh : (punjabi) /</subfield>
    <subfield code="b">by Kulbir Singh Kaang </subfield>
  </datafield>
  <datafield tag="260" ind1=" " ind2=" ">
    <subfield code="b">&#xA2A;&#xA70;&#xA1C;&#xA3E;&#xA2C;&#xA40; &#xA2D;&#xA3E;&#xA38;&#xA3C;&#xA3E; &#xA35;&#xA3F;&#xA15;&#xA3E;&#xA38; &#xA35;&#xA3F;&#xA2D;&#xA3E;&#xA17;, &#xA2A;&#xA70;&#xA1C;&#xA3E;&#xA2C;&#xA40; &#xA2F;&#xA42;&#xA28;&#xA40;&#xA35;&#xA30;&#xA38;&#xA3F;&#xA1F;&#xA40;, </subfield>
    <subfield code="c">1994</subfield>
    <subfield code="a">&#xA2A;&#xA1F;&#xA3F;&#xA06;&#xA32;&#xA3E;</subfield>
  </datafield>
  <datafield tag="270" ind1=" " ind2=" ">
    <subfield code="a">&#xA2A;&#xA70;&#xA1C;&#xA3E;&#xA2C;&#xA40; &#xA2D;&#xA3E;&#xA38;&#xA3C;&#xA3E; &#xA35;&#xA3F;&#xA15;&#xA3E;&#xA38; &#xA35;&#xA3F;&#xA2D;&#xA3E;&#xA17;, &#xA2A;&#xA70;&#xA1C;&#xA3E;&#xA2C;&#xA40; &#xA2F;&#xA42;&#xA28;&#xA40;&#xA35;&#xA30;&#xA38;&#xA3F;&#xA1F;&#xA40;, </subfield>
    <subfield code="b">&#xA2A;&#xA1F;&#xA3F;&#xA06;&#xA32;&#xA3E;</subfield>
  </datafield>
  <datafield tag="300" ind1=" " ind2=" ">
    <subfield code="a">90p ; </subfield>
    <subfield code="c">24cm(Hb)</subfield>
    <subfield code="b"> </subfield>
  </datafield>
  <datafield tag="650" ind1=" " ind2=" ">
    <subfield code="a">&#xA24;&#xA16;&#xA3C;&#xA24; &#xA38;&#xA3F;&#xA70;&#xA18; - &#xA2D;&#xA30;&#xA3E; </subfield>
    <subfield code="9">80442</subfield>
  </datafield>
  <datafield tag="650" ind1=" " ind2=" ">
    <subfield code="a">Takhat Singh, -- Bhai.</subfield>
    <subfield code="9">133618</subfield>
  </datafield>
  <datafield tag="650" ind1=" " ind2=" ">
    <subfield code="a">Punjabi literature </subfield>
    <subfield code="9">133619</subfield>
  </datafield>
  <datafield tag="650" ind1=" " ind2=" ">
    <subfield code="a">&#xA2A;&#xA70;&#xA1C;&#xA3E;&#xA2C;&#xA40; &#xA38;&#xA3E;&#xA39;&#xA3F;&#xA24; </subfield>
    <subfield code="9">133620</subfield>
  </datafield>
  <datafield tag="942" ind1=" " ind2=" ">
    <subfield code="2">ddc</subfield>
    <subfield code="c">PN</subfield>
    <subfield code="h">954.0841</subfield>
    <subfield code="m">&#xA15;&#xA41;&#xA32;&#xA2C;&#xA40;</subfield>
  </datafield>
  <datafield tag="999" ind1=" " ind2=" ">
    <subfield code="c">111146</subfield>
    <subfield code="d">111146</subfield>
  </datafield>
  <datafield tag="952" ind1=" " ind2=" ">
    <subfield code="0">0</subfield>
    <subfield code="1">0</subfield>
    <subfield code="4">0</subfield>
    <subfield code="7">0</subfield>
    <subfield code="a">L</subfield>
    <subfield code="b">L</subfield>
    <subfield code="d">2016-02-13</subfield>
    <subfield code="e">Cen Lib/Ret</subfield>
    <subfield code="g">48.00</subfield>
    <subfield code="l">0</subfield>
    <subfield code="o">954.0841</subfield>
    <subfield code="p">A-773062</subfield>
    <subfield code="r">2016-02-13 00:00:00</subfield>
    <subfield code="t">1</subfield>
    <subfield code="v">48.00</subfield>
    <subfield code="w">2016-02-13</subfield>
    <subfield code="y">PN</subfield>
  </datafield>
</record>
